000 00430 a2200133 4500
001 ART_7326
005 20260410161720.0
008 260409a
245 1 0 _aCompetencias profesionales en la auditoría externa
100 1 _aSanchez Henriquez, Jorge
700 1 _aSálas Avila, José
700 1 _aRodríguez Bustamante, Carla
773 0 _tContabilidad y auditoría
_g- Año 12, Nº 24 (dic. 2006)
_wREV1723
999 _c16854
_d16854